000 00680nam a22002537a 4500
001 BR9500078
003 BR-BrBNA
005 20230928094402.0
007 ta
008 230509b bl.||||| |||| 00| 0 por d
040 _aBR-BrBNA
_bpor
_cBiblioteca Nacional de Agricultura
041 _a(Por)
072 _aC10; F01; F07
_b0120
090 _ 0120 BR9500078
110 1 _aMinisterio da Educacao e Cultura, Brasilia, DF (Brasil)
_97005
245 1 _aProdutor de milho
260 3 _aBrasilia, DF (Brasil):
_c1974.
300 _a140 p.
650 _aMilho
650 _aCultivo do Solo
650 _aPratica Cultural
909 _a202309
_bLucia
_c55
_dLucia Elande
942 _cBK
999 _c50434
_d50434